LEADER 01617nam 2200421 450 001 000010084 005 20050718115400.0 100 $a20020212d1983----km-y0itay0103----ba 101 0 $aita 102 $aIT 200 1 $aStatica applicata alle costruzioni$eun'introduzione alla scienza delle costruzioni$fLuciano Boscotrecase, Angelo Di Tommaso 210 $aBologna$cPātron Editore$d1983 215 $aXIV, 346 p.$d24 cm. 225 1 $aCollana di scienza e tecnica delle costruzioni$iSezione testi universitari$v1 606 $aStatica 606 $aStrutture edilizie$xAnalisi 606 $aScienza delle costruzioni 676 $a620.103$v(20 ed.)$9Meccanica e materiali dell'ingegneria. Statica applicata. 676 $a624.171$v(20 ed.)$9Ingegneria civile. Analisi strutturale 700 1$aBoscotrecase,$bLuciano$0333921 701 1$aDi Tommaso,$bAngelo$09946 801 0$aIT$bUniversitā della Basilicata - B.I.A.$gRICA$2unimarc 912 $a000010084 996 $aStatica applicata alle costruzioni$976736 997 $aUNIBAS BAS $aMONING BAS $aMONOGR BAS $aINGEGNERIA CAT $aSTD009$b01$c20020212$lBAS01$h1500 CAT $aTORRE$b20$c20020423$lBAS01$h1709 CAT $aTORRE$b20$c20020423$lBAS01$h1722 CAT $c20050601$lBAS01$h1754 CAT $abatch$b01$c20050718$lBAS01$h1050 CAT $c20050718$lBAS01$h1109 CAT $c20050718$lBAS01$h1139 CAT $c20050718$lBAS01$h1154 FMT Z30 -1$lBAS01$LBAS01$mBOOK$1BASA2$APolo Tecnico-Scientifico$2DID$BDidattica$3PTS.s4.p1.9$674284$5I74284$820020212$f04$FPrestabile Didattica